00861cam a2200229 a 4500001000400000003001000004005001700014008004100031020001800072040002500090080001600115100008000131245007800211250002600289260003800315300002700353500008000380504003600460650005800496650005100554650002600605334BR-CuiBMT20231122232201.0231031s2012 mgba 001 0 por d a9788577006014 aBR-CuiBMTcBR-CuiBMT a346.1220071 aSouza, Sérgio Augusto G. Pereira deq(Sérgio Augusto Guedes Pereira de)1 aPremissas de direito econômico /cSérgio Augusto G. Pereira de Souza. a2. ed., rev. e atual. aBelo Horizonte :bFórum,c2012. a160 p. :bil. ;c22 cm aEdição revista, atualizada conforme a (Lei nº 12.529, de 30.11.2011 ). aInclui bibliografia e índice. aDireito econômicoxAspectos constitucionaiszBrasil aIntervenção do Estado na economia zBrasil aPolítica antitruste